000 00645nam a2200193Ia 4500
003 GCL
008 140319s9999 xx 000 0 ara d
040 _aGCL /
_cGCL
082 0 4 _a810.996
_bع د
100 1 _aعبدالوهاب الدخلى
245 1 0 _aدليل الادب التونسى المترجم: القسم الاول, الابداع /
_cعبدالوهاب الدخلى
260 _a[S.N] :
_bالمؤسسة الوطنية للترجمة والتحقيق ،
_c1990
300 _a198 ص
490 _a
650 0 4 _aتونس
650 0 4 _aالادلة
650 0 4 _aالادب التونسى المترجم
942 _2ddc
_cBK
999 _c35463
_d35463